| 000 | 00466nam a22001697a 4500 | ||
|---|---|---|---|
| 003 | OSt | ||
| 008 | 240120b2010 |||||||| |||| 00| 0 eng d | ||
| 020 | _a9788172238575 | ||
| 082 |
_a370 _bRAG-D |
||
| 100 | _aRaghunathan, V. | ||
| 245 |
_aDon't sprint the marathon / _cV. Raghunathan. |
||
| 260 |
_aNew York : _bHarperCollins Publishers India , _c2010. |
||
| 300 | _axi, 169 p. ; | ||
| 650 | _aEducation-Parent participation | ||
| 650 | _aSuccess | ||
| 942 |
_2ddc _cBK |
||
| 999 |
_c20126 _d20126 |
||